Statistics for Math Addition Problems (Integers 1 - 100)

Click here to take the quiz!

General Stats

  • This quiz has been taken 723 times
    (722 since last reset)
  • The average score is 10 of 10

Answer Stats

ProblemAnswer% Correct
1 + 6 =7
100%
17 + 17 =34
99%
4 + 49 =53
99%
66 + 22 =88
99%
83 + 9 =92
99%
75 + 42 =117
98%
12 + 31 = 43
98%
15 + 29 =44
98%
24 + 26 = 50
98%
53 + 14 =67
98%

Score Distribution

Percentile by Number Answered

Percent of People with Each Score

Your Score History

You have not taken this quiz since the last reset